[Event "Chess.com Isle of Man Open - Masters"]
[Site "Douglas (Isle of Man)"]
[Date "2017.09.23"]
[Round "1.30"]
[White "Kavinda, Akila"]
[Black "Bok, Benjamin"]
[Result "0-1"]
[WhiteElo "2099"]
[BlackElo "2620"]
[PlyCount "120"]
[EventDate "2017.09.23"]

1. Nf3 c5 2. g3 g6 3. Bg2 Bg7 4. d4 cxd4 5. Nxd4 Nc6 6. Nb3 d6 7. Nc3 Nf6 8.
O-O O-O 9. e4 Rb8 10. a4 b6 11. Nd5 Nd7 12. f4 Bb7 13. Rf2 Nc5 14. c3 e6 15.
Ne3 Qe7 16. Nxc5 bxc5 17. f5 Ne5 18. Ng4 Nxg4 19. Qxg4 exf5 20. exf5 Bxg2 21.
Kxg2 Rb3 22. a5 d5 23. Qf3 gxf5 24. Qxd5 Qe4+ 25. Qxe4 fxe4 26. Ra4 f5 27. Be3
Rb5 28. Rc4 Rxa5 29. Rxc5 Rxc5 30. Bxc5 Rf7 31. Rd2 Rb7 32. Be3 Kf7 33. Kf2 Be5
34. Ke2 h5 35. Bf4 Bxf4 36. gxf4 Ke6 37. Ke3 Rd7 38. Rxd7 Kxd7 39. Kd4 a5 40.
b3 Kd6 41. h3 h4 42. c4 Kc6 43. c5 Kb5 44. Kd5 e3 45. c6 e2 46. c7 e1=Q 47.
c8=Q Qe4+ 48. Kd6 Qxf4+ 49. Ke6 Qe4+ 50. Kf7 f4 51. Qb8+ Kc5 52. Qa7+ Kb4 53.
Qb6+ Kc3 54. Qxa5+ Kxb3 55. Qb6+ Kc3 56. Qf6+ Kd3 57. Qxh4 Qf5+ 58. Kg7 Ke2 59.
Qe7+ Kf1 60. Qe3 fxe3 0-1

[Event "Chess.com Isle of Man Open - Masters"]
[Site "Douglas (Isle of Man)"]
[Date "2017.09.23"]
[Round "1.31"]
[White "Sethuraman, S.P."]
[Black "Donchenko, Alexander"]
[Result "1-0"]
[WhiteElo "2617"]
[BlackElo "2559"]
[PlyCount "73"]
[EventDate "2017.09.23"]

1. Nf3 Nf6 2. g3 b5 3. e3 a6 4. b3 Bb7 5. c4 bxc4 6. bxc4 e5 7. Bg2 e4 8. Nh4
Nc6 9. Bb2 Bd6 10. O-O O-O 11. Bxf6 Qxf6 12. Nc3 Qe6 13. Bxe4 Qxc4 14. Qb1 g6
15. Rc1 Rfb8 16. Nd5 Qa4 17. Nf6+ Kg7 18. Nxd7 Ne5 19. Bxb7 Qxd7 20. Qe4 f5 21.
Qd5 Ra7 22. Bc6 Nxc6 23. Rxc6 Rb4 24. Nf3 Qf7 25. Qd3 Ra4 26. Qc2 Ra3 27. Qb2+
Qf6 28. Nd4 Ra4 29. Qb8 Rxd4 30. exd4 Qxd4 31. Rac1 f4 32. R1c4 Qxd2 33. Qxa7
Qd1+ 34. Kg2 f3+ 35. Kh3 Qf1+ 36. Kg4 h5+ 37. Kxf3 1-0

[Event "Chess.com Isle of Man Open - Masters"]
[Site "Douglas (Isle of Man)"]
[Date "2017.09.23"]
[Round "1.32"]
[White "L'ami, Alina"]
[Black "Sokolov, Ivan"]
[Result "1-0"]
[WhiteElo "2286"]
[BlackElo "2603"]
[PlyCount "99"]
[EventDate "2017.09.23"]

1. d4 Nf6 2. c4 e6 3. Nc3 Bb4 4. Qc2 d6 5. Bd2 Qe7 6. e3 Nbd7 7. a3 Bxc3 8.
Bxc3 e5 9. O-O-O a6 10. dxe5 dxe5 11. Nf3 O-O 12. g4 Nxg4 13. Rg1 Ngf6 14. Qf5
Re8 15. Bd3 g6 16. Bc2 e4 17. Nd2 Ne5 18. Qf4 Neg4 19. Nxe4 Nh5 20. Qf3 f5 21.
Ng3 Ng7 22. e4 f4 23. Nf5 gxf5 24. exf5 Nf6 25. Rde1 Qf7 26. Rxg7+ Kxg7 27.
Qg4+ Kf8 28. Bb4+ Re7 29. Qxf4 Ng8 30. f6 Ke8 31. Bxe7 Be6 32. Qe5 Kd7 33. Rd1+
Ke8 34. Qxc7 Nxe7 35. fxe7 Qxe7 36. Ba4+ Kf8 37. Qf4+ Qf7 38. Qh6+ Ke7 39. Qh4+
Kf8 40. Rd4 Rc8 41. Bc2 Rxc4 42. Rd8+ Kg7 43. Qxh7+ Kf6 44. Qh6+ Ke5 45. Qe3+
Kf6 46. Rd4 Rxd4 47. Qxd4+ Ke7 48. f4 Qh5 49. Qb4+ Ke8 50. Qe4 1-0

[Event "Chess.com Isle of Man Open - Masters"]
[Site "Douglas (Isle of Man)"]
[Date "2017.09.23"]
[Round "1.33"]
[White "Bogner, Sebastian"]
[Black "Wallace, John Paul"]
[Result "0-1"]
[WhiteElo "2599"]
[BlackElo "2413"]
[PlyCount "92"]
[EventDate "2017.09.23"]

1. e4 e5 2. Nf3 Nc6 3. Bc4 Bc5 4. O-O Nf6 5. d3 d6 6. c3 O-O 7. h3 Be6 8. Nbd2
Re8 9. b4 Bb6 10. a4 a6 11. Bxe6 Rxe6 12. Re1 d5 13. Qc2 h6 14. Rb1 Qe8 15. Nf1
Rd8 16. Be3 Bxe3 17. Nxe3 Ne7 18. c4 dxe4 19. dxe4 Qc6 20. Nf5 Nc8 21. c5 Kh7
22. b5 axb5 23. axb5 Qe8 24. Ne3 Kg8 25. Nc4 b6 26. Qc3 bxc5 27. Ncxe5 Nd6 28.
Qxc5 Nfxe4 29. Qc2 Rxe5 30. Nxe5 Qxe5 31. Qxc7 Rc8 32. Qb6 Rc5 33. Rb4 f5 34.
Qd8+ Kh7 35. b6 Qf4 36. Rf1 Rc1 37. Rxe4 Nxe4 38. Rxc1 Qxc1+ 39. Kh2 Qf4+ 40.
Kh1 Qc1+ 41. Kh2 Qf4+ 42. Kh1 Nxf2+ 43. Kg1 Qe3 44. Kh2 Qe5+ 45. Kg1 Qe1+ 46.
Kh2 f4 0-1

[Event "Chess.com Isle of Man Open - Masters"]
[Site "Douglas (Isle of Man)"]
[Date "2017.09.23"]
[Round "1.34"]
[White "Kavutskiy, Konstantin"]
[Black "Bindrich, Falko"]
[Result "0-1"]
[WhiteElo "2390"]
[BlackElo "2598"]
[PlyCount "118"]
[EventDate "2017.09.23"]

1. d4 Nf6 2. c4 e6 3. Nf3 d5 4. Nc3 a6 5. cxd5 exd5 6. Bf4 Bd6 7. Be5 c6 8. e3
O-O 9. Bd3 Bg4 10. Qc2 Re8 11. Bxd6 Qxd6 12. Ne5 Be6 13. Na4 Qb4+ 14. Ke2 Nbd7
15. a3 Qd6 16. Nxd7 Bxd7 17. h3 Re7 18. Nc5 Bc8 19. b4 Qf4 20. Rhd1 Kh8 21. Nb3
Nh5 22. g4 Nf6 23. Rf1 Bd7 24. Kd2 Qf3 25. Kc3 Ne4+ 26. Bxe4 dxe4 27. Nc5 b6
28. Nxd7 Rxd7 29. Kb2 c5 30. dxc5 Rad8 31. Kc1 Qxh3 32. Re1 Qxg4 33. Rb1 Qe6
34. Rb2 Rc8 35. Kb1 Rdc7 36. Rc1 h6 37. Qc4 Qxc4 38. Rxc4 bxc5 39. Rbc2 Kg8 40.
Kb2 f5 41. Rxc5 Rxc5 42. bxc5 Kf7 43. Kb3 Ke6 44. Kc4 h5 45. Rb2 h4 46. Rb6+
Ke5 47. Rxa6 h3 48. Rd6 Rh8 49. Rd1 g5 50. a4 f4 51. exf4+ Kxf4 52. c6 Kf3 53.
Kb5 Kxf2 54. c7 Rc8 55. Kb6 e3 56. Rd8 Rxc7 57. Kxc7 e2 58. Rf8+ Kg3 59. Re8 h2
0-1

[Event "Chess.com Isle of Man Open - Masters"]
[Site "Douglas (Isle of Man)"]
[Date "2017.09.23"]
[Round "1.35"]
[White "Tregubov, Pavel V"]
[Black "Krishna, C R G."]
[Result "0-1"]
[WhiteElo "2589"]
[BlackElo "2367"]
[PlyCount "92"]
[EventDate "2017.09.23"]

1. d4 d5 2. c4 c6 3. Nf3 Nf6 4. e3 Bf5 5. Nc3 a6 6. Bd3 Bg6 7. O-O e6 8. a3
Nbd7 9. Bxg6 hxg6 10. Qd3 Qc7 11. h3 Rd8 12. e4 Nc5 13. dxc5 dxe4 14. Qe2 exf3
15. Qxf3 Bxc5 16. Bf4 Bd6 17. Bxd6 Rxd6 18. Rad1 Rxd1 19. Rxd1 Ke7 20. Ne4 Rd8
21. Rxd8 Qxd8 22. Nxf6 gxf6 23. c5 Kd7 24. h4 f5 25. g3 Qe7 26. b4 Kc8 27. Qe3
Qf6 28. Kg2 Kb8 29. Qd2 e5 30. Qd7 e4 31. Kh3 Ka7 32. Qc7 Qd4 33. Kg2 Qd2 34.
Qe7 Qd5 35. Kh2 Qa2 36. Kg1 Qxa3 37. Qxf7 e3 38. fxe3 Qxe3+ 39. Kg2 Qe2+ 40.
Kg1 Qg4 41. Kh2 g5 42. Qe7 gxh4 43. gxh4 Qxb4 44. Qg5 f4 45. h5 Qd2+ 46. Qg2
Qe3 0-1

[Event "Chess.com Isle of Man Open - Masters"]
[Site "Douglas (Isle of Man)"]
[Date "2017.09.23"]
[Round "1.36"]
[White "Mueller, Philipp"]
[Black "Tari, Aryan"]
[Result "0-1"]
[WhiteElo "2220"]
[BlackElo "2588"]
[PlyCount "40"]
[EventDate "2017.09.23"]

1. c4 e5 2. g3 Nf6 3. Bg2 c6 4. Nf3 e4 5. Nd4 d5 6. Nc3 dxc4 7. Nc2 Bc5 8. Ne3
O-O 9. Qc2 Be6 10. Nxe4 Nxe4 11. Bxe4 f5 12. Bf3 Na6 13. O-O Nb4 14. Qb1 f4 15.
gxf4 Rxf4 16. Be4 Qg5+ 17. Kh1 Bxe3 18. Bxh7+ Kh8 19. dxe3 Rh4 20. f4 Qg3 0-1

[Event "Chess.com Isle of Man Open - Masters"]
[Site "Douglas (Isle of Man)"]
[Date "2017.09.23"]
[Round "1.37"]
[White "Ju, Wenjun"]
[Black "Balint, Vilmos"]
[Result "1-0"]
[WhiteElo "2574"]
[BlackElo "2281"]
[PlyCount "79"]
[EventDate "2017.09.23"]

1. d4 f5 2. g3 Nf6 3. Bg2 g6 4. Nf3 Bg7 5. O-O O-O 6. c4 d6 7. Nc3 Qe8 8. Nd5
Nxd5 9. cxd5 c6 10. dxc6 bxc6 11. d5 c5 12. Ng5 Na6 13. h4 Rb8 14. Rb1 Nc7 15.
Qc2 h6 16. Nh3 e5 17. dxe6 Bxe6 18. b3 Bf7 19. Rd1 Nb5 20. Bb2 Nd4 21. Bxd4
cxd4 22. Nf4 Rc8 23. Qd2 Rc5 24. Rbc1 Qb5 25. Rxc5 dxc5 26. Rc1 Rd8 27. e4 d3
28. exf5 gxf5 29. Bf1 Be5 30. Nxd3 c4 31. bxc4 Bxc4 32. Qxh6 Rxd3 33. Qg6+ Kf8
34. Rxc4 Rd1 35. Qxf5+ Ke7 36. Qe4 Kd6 37. Kg2 Qd5 38. Qxd5+ Rxd5 39. Rc2 a5
40. a4 1-0

[Event "Chess.com Isle of Man Open - Masters"]
[Site "Douglas (Isle of Man)"]
[Date "2017.09.23"]
[Round "1.38"]
[White "Ragnarsson, Dagur"]
[Black "Sunilduth Lyna, Narayanan"]
[Result "0-1"]
[WhiteElo "2340"]
[BlackElo "2568"]
[PlyCount "26"]
[EventDate "2017.09.23"]

1. d4 Nf6 2. c4 e6 3. Nc3 Bb4 4. Nf3 O-O 5. e3 d5 6. Bd3 c5 7. a3 Bxc3+ 8. bxc3
dxc4 9. Bxc4 Qa5 10. O-O Qxc3 11. Qe2 b5 12. Bxb5 Qxa1 13. Bc4 Qb1 0-1

[Event "Chess.com Isle of Man Open - Masters"]
[Site "Douglas (Isle of Man)"]
[Date "2017.09.23"]
[Round "1.39"]
[White "Lenderman, Aleksandr"]
[Black "Karavade, Eesha"]
[Result "1-0"]
[WhiteElo "2565"]
[BlackElo "2384"]
[PlyCount "31"]
[EventDate "2017.09.23"]

1. d4 d5 2. c4 c6 3. Nf3 Nf6 4. Qc2 dxc4 5. Qxc4 Bg4 6. Nc3 Nbd7 7. e4 e5 8.
Be3 Bxf3 9. gxf3 Bd6 10. O-O-O Qe7 11. Kb1 exd4 12. Bxd4 Ne5 13. Qe2 Ng6 14. e5
c5 15. Qb5+ Qd7 16. Bxc5 1-0

[Event "Chess.com Isle of Man Open - Masters"]
[Site "Douglas (Isle of Man)"]
[Date "2017.09.23"]
[Round "1.40"]
[White "Christiansen, Johan-Sebastian"]
[Black "Pichot, Alan"]
[Result "1-0"]
[WhiteElo "2457"]
[BlackElo "2565"]
[PlyCount "129"]
[EventDate "2017.09.23"]

1. Nf3 Nf6 2. c4 g6 3. g3 Bg7 4. Bg2 O-O 5. O-O d6 6. d4 Nc6 7. Nc3 e5 8. dxe5
dxe5 9. Bg5 Be6 10. Qc1 Qc8 11. Rd1 Rd8 12. Rxd8+ Qxd8 13. b3 Qf8 14. Ne1 Nd7
15. Nb5 Qc8 16. Bh6 Bh8 17. Bd5 Bxd5 18. cxd5 Nd4 19. Nc3 c6 20. e3 Nf5 21. e4
Nd4 22. Qd2 Nf6 23. Bg5 cxd5 24. Bxf6 Qxc3 25. Qxc3 Ne2+ 26. Kg2 Nxc3 27. Bxh8
Kxh8 28. exd5 Nxd5 29. Rc1 Kg7 30. Nd3 Kf6 31. Kf3 Rd8 32. Ke4 Nb4 33. Nxe5 Re8
34. f4 Nxa2 35. Rc4 Ke6 36. Rc7 f6 37. Nf7 Nc3+ 38. Kd3 Nd5 39. Rxb7 Re7 40.
Nd8+ Kf5 41. Rb5 Rd7 42. Kd4 Rxd8 43. Rxd5+ Rxd5+ 44. Kxd5 Kg4 45. b4 Kh3 46.
b5 Kxh2 47. Kc6 h5 48. Kb7 Kxg3 49. Kxa7 h4 50. f5 gxf5 51. b6 f4 52. b7 f3 53.
b8=Q+ Kg2 54. Qg8+ Kf2 55. Qg4 Ke2 56. Qe4+ Kf2 57. Qxh4+ Kf1 58. Qc4+ Kg2 59.
Qg4+ Kf2 60. Kb6 Ke3 61. Qc4 Kf2 62. Kc5 f5 63. Kd4 Kg2 64. Ke3 f2 65. Qg8+ 1-0

[Event "Chess.com Isle of Man Open - Masters"]
[Site "Douglas (Isle of Man)"]
[Date "2017.09.23"]
[Round "1.41"]
[White "Deac, Bogdan-Daniel"]
[Black "Prueske, Wolfgang"]
[Result "1-0"]
[WhiteElo "2559"]
[BlackElo "2046"]
[PlyCount "63"]
[EventDate "2017.09.23"]

1. d4 d5 2. c4 Nc6 3. Nc3 e6 4. Nf3 Nf6 5. Bg5 Bb4 6. cxd5 exd5 7. Qb3 h6 8.
Bxf6 Qxf6 9. Qxd5 O-O 10. e3 Rd8 11. Qb5 a6 12. Qd3 Bf5 13. Qd2 Bg4 14. Be2 Ne7
15. a3 Ba5 16. b4 Bb6 17. O-O c6 18. Qc2 Bc7 19. Ne4 Qe6 20. Nc5 Qc8 21. Rab1
b6 22. Nb3 Qe6 23. Rfc1 Bf5 24. Bd3 Bxd3 25. Qxd3 f5 26. g3 Rd5 27. a4 Bd6 28.
Nbd2 a5 29. Nc4 Bc7 30. bxa5 bxa5 31. Rb7 Qc8 32. Rcb1 1-0

[Event "Chess.com Isle of Man Open - Masters"]
[Site "Douglas (Isle of Man)"]
[Date "2017.09.23"]
[Round "1.42"]
[White "Kjartansson, Gudmundur"]
[Black "Vishnu, Prasanna. V"]
[Result "1/2-1/2"]
[WhiteElo "2456"]
[BlackElo "2543"]
[PlyCount "39"]
[EventDate "2017.09.23"]

1. e4 c5 2. Nf3 d6 3. d4 cxd4 4. Nxd4 Nf6 5. Nc3 a6 6. h3 g6 7. Be3 Bg7 8. g4
h5 9. g5 Nfd7 10. Bg2 Nc6 11. O-O O-O 12. f4 Nxd4 13. Bxd4 e5 14. fxe5 Nxe5 15.
Nd5 Qxg5 16. Be3 Qd8 17. Bb6 Qg5 18. Be3 Qd8 19. Bb6 Qg5 20. Be3 1/2-1/2

[Event "Chess.com Isle of Man Open - Masters"]
[Site "Douglas (Isle of Man)"]
[Date "2017.09.23"]
[Round "1.44"]
[White "Shvayger, Yuliya"]
[Black "Swapnil, S. Dhopade"]
[Result "0-1"]
[WhiteElo "2442"]
[BlackElo "2532"]
[PlyCount "94"]
[EventDate "2017.09.23"]

1. e4 c6 2. Nc3 d5 3. Nf3 Nf6 4. e5 Ne4 5. Ne2 Qb6 6. d4 e6 7. Nfg1 f6 8. f3
Ng5 9. exf6 gxf6 10. f4 Ne4 11. Ng3 Bd7 12. Nf3 c5 13. Bd3 Nxg3 14. hxg3 Nc6
15. c3 O-O-O 16. Qb3 Qc7 17. Bb5 Be8 18. Bxc6 Qxc6 19. Be3 c4 20. Qd1 Bg6 21.
O-O Bd6 22. b4 Rdg8 23. Bf2 h5 24. Re1 Be4 25. Nh4 Rg4 26. Rxe4 dxe4 27. d5
Qxd5 28. Qxd5 exd5 29. Rd1 Bc7 30. Rxd5 Bb6 31. Bxb6 axb6 32. Rd4 Rxg3 33.
Rxc4+ Kb8 34. Nf5 Rd3 35. a4 Re8 36. Ng7 Rd1+ 37. Kh2 Rg8 38. Nf5 Re8 39. Ng7
Rg8 40. Nf5 Rd2 41. Rxe4 Rdxg2+ 42. Kh3 Rg1 43. Kh2 Rc1 44. c4 Rd8 45. Ne3 Re1
46. Kg2 h4 47. Kf2 h3 0-1

[Event "Chess.com Isle of Man Open - Masters"]
[Site "Douglas (Isle of Man)"]
[Date "2017.09.23"]
[Round "1.45"]
[White "Harika, Dronavalli"]
[Black "Oyama, Akito"]
[Result "1-0"]
[WhiteElo "2528"]
[BlackElo "2198"]
[PlyCount "87"]
[EventDate "2017.09.23"]

1. d4 e6 2. e4 d5 3. Nd2 dxe4 4. Nxe4 Bd7 5. Nf3 Bc6 6. Bd3 Nd7 7. c3 Be7 8.
O-O Ngf6 9. Nxf6+ Bxf6 10. Re1 O-O 11. Bf4 b6 12. Qe2 Bd5 13. Rad1 Re8 14. Bc2
Nf8 15. Ba4 Re7 16. c4 Bb7 17. Ne5 Ng6 18. Bg3 Bxe5 19. dxe5 Qc8 20. h4 Nf8 21.
h5 c5 22. Bh4 Rc7 23. Qg4 Nd7 24. Bxd7 Rxd7 25. Bf6 g6 26. Rxd7 Qxd7 27. Rd1
Qe8 28. Qg5 Be4 29. f3 Bc2 30. Rd2 Ba4 31. b3 Bc6 32. h6 Kf8 33. Rd6 Rc8 34.
Qd2 Kg8 35. Kf2 Kf8 36. Qf4 Kg8 37. Bg5 Qf8 38. Qf6 Be8 39. a4 Bc6 40. g4 Be8
41. Be3 Rb8 42. Kg3 Rc8 43. g5 Rb8 44. a5 1-0

[Event "Chess.com Isle of Man Open - Masters"]
[Site "Douglas (Isle of Man)"]
[Date "2017.09.23"]
[Round "1.46"]
[White "Jonsson, Gauti Pall"]
[Black "Perelshteyn, Eugene"]
[Result "0-1"]
[WhiteElo "2011"]
[BlackElo "2524"]
[PlyCount "64"]
[EventDate "2017.09.23"]

1. d4 g6 2. c4 Nf6 3. Nc3 Bg7 4. e4 d6 5. Be2 O-O 6. Be3 Na6 7. Qd2 e5 8. d5
Nc5 9. f3 Nh5 10. g4 Nf4 11. Bxf4 exf4 12. h4 Be5 13. O-O-O a6 14. Nh3 b5 15.
Nxf4 b4 16. Nb1 Qf6 17. Nd3 Nxd3+ 18. Qxd3 Bxb2+ 19. Kd2 Be5 20. Rdg1 a5 21.
Ke1 a4 22. g5 Qf4 23. Qd2 Qxd2+ 24. Kxd2 Bf4+ 25. Kd3 h5 26. gxh6 Kh7 27. a3
Rb8 28. axb4 Rxb4 29. Nc3 Ba6 30. Nb5 Rxb5 31. cxb5 Bxb5+ 32. Kc2 Bxe2 0-1

[Event "Chess.com Isle of Man Open - Masters"]
[Site "Douglas (Isle of Man)"]
[Date "2017.09.23"]
[Round "1.47"]
[White "Lubbe, Nikolas"]
[Black "Player, Edmund C"]
[Result "1-0"]
[WhiteElo "2515"]
[BlackElo "2202"]
[PlyCount "59"]
[EventDate "2017.09.23"]

1. d4 Nf6 2. Nc3 d5 3. Bf4 c6 4. f3 g6 5. Qd2 Bg7 6. O-O-O b5 7. Bh6 Bxh6 8.
Qxh6 b4 9. Nb1 Qa5 10. e4 dxe4 11. Bc4 Be6 12. Bxe6 fxe6 13. fxe4 Nbd7 14. e5
Nd5 15. Qh3 Qxa2 16. Qxe6 Nc3 17. Qxa2 Nxa2+ 18. Kd2 Nb6 19. b3 O-O-O 20. Ne2
c5 21. Ke3 Rd5 22. Ke4 Rhd8 23. Rd2 R5d7 24. c4 Nc3+ 25. Nbxc3 bxc3 26. Rd3
cxd4 27. Nxd4 a5 28. c5 Nd5 29. c6 Rc7 30. Ne6 1-0

[Event "Chess.com Isle of Man Open - Masters"]
[Site "Douglas (Isle of Man)"]
[Date "2017.09.23"]
[Round "1.48"]
[White "Trent, Lawrence"]
[Black "Lampert, Jonas"]
[Result "0-1"]
[WhiteElo "2427"]
[BlackElo "2514"]
[PlyCount "96"]
[EventDate "2017.09.23"]

1. e4 e5 2. Nf3 Nc6 3. Bb5 a6 4. Ba4 g6 5. c3 d6 6. d4 Bd7 7. dxe5 Nxe5 8. Nxe5
dxe5 9. Be3 Nf6 10. Nd2 Bxa4 11. Qxa4+ Qd7 12. Qxd7+ Nxd7 13. Nc4 Bc5 14. Bxc5
Nxc5 15. O-O-O f6 16. f3 Ke7 17. Na5 Rab8 18. Rd5 Ne6 19. Rhd1 Rhd8 20. b4 Rxd5
21. Rxd5 Nd8 22. a4 b6 23. Nc4 Ne6 24. a5 b5 25. Ne3 c6 26. Rd2 Rf8 27. Ng4 h5
28. Nf2 c5 29. Nd3 Rc8 30. Kd1 c4 31. Nf2 Rf8 32. g3 h4 33. Ke2 Rh8 34. Ng4
hxg3 35. hxg3 Rh1 36. Rd1 Rh8 37. Kf2 Ng5 38. Kg2 Ke6 39. Ne3 f5 40. exf5+ gxf5
41. Nd5 Rh7 42. Kf2 Rd7 43. Ne3 f4 44. Rxd7 fxe3+ 45. Kxe3 Kxd7 46. f4 exf4+
47. gxf4 Nh7 48. f5 Kd6 0-1

[Event "Chess.com Isle of Man Open - Masters"]
[Site "Douglas (Isle of Man)"]
[Date "2017.09.23"]
[Round "1.49"]
[White "Olafsson, Helgi"]
[Black "Byron, Alan M"]
[Result "1-0"]
[WhiteElo "2512"]
[BlackElo "2074"]
[PlyCount "71"]
[EventDate "2017.09.23"]

1. Nf3 g6 2. e4 Bg7 3. d4 d6 4. c3 Nf6 5. Bd3 O-O 6. O-O Nc6 7. Bg5 h6 8. Bh4
e5 9. Re1 Bg4 10. dxe5 dxe5 11. Qe2 Qe8 12. Nbd2 Nh5 13. Qe3 Nf4 14. Bb5 g5 15.
Bg3 a6 16. Bf1 Rd8 17. b4 Qe7 18. a4 Rd7 19. Nb3 Nd8 20. Nc5 Rd6 21. Nd2 h5 22.
f3 Bc8 23. Nc4 Rg6 24. Qd2 h4 25. Bf2 g4 26. fxg4 Bxg4 27. Ne3 Bh6 28. Qc2 Qg5
29. Kh1 Nh3 30. Nf5 Bxf5 31. exf5 Rd6 32. Be3 Nf4 33. Rad1 Qe7 34. Ne4 Rxd1 35.
Rxd1 Kh7 36. Bc5 1-0

[Event "Chess.com Isle of Man Open - Masters"]
[Site "Douglas (Isle of Man)"]
[Date "2017.09.23"]
[Round "1.51"]
[White "Panchanathan, Magesh Chandran"]
[Black "Paul, Johannes"]
[Result "1-0"]
[WhiteElo "2481"]
[BlackElo "2335"]
[PlyCount "71"]
[EventDate "2017.09.23"]

1. Nf3 Nf6 2. c4 c5 3. g3 b6 4. Bg2 Bb7 5. Nc3 e6 6. O-O Be7 7. d4 cxd4 8. Qxd4
d6 9. Bg5 a6 10. Bxf6 Bxf6 11. Qf4 O-O 12. Rfd1 Be7 13. Ne4 Bxe4 14. Qxe4 Ra7
15. Nd4 Re8 16. Rd2 Bf8 17. Rad1 Qc8 18. b3 g6 19. e3 Nd7 20. a4 Rc7 21. h4 Nf6
22. Qf3 Kg7 23. Qe2 h5 24. Ra2 Rc5 25. Qb2 Be7 26. Qa1 d5 27. cxd5 exd5 28. b4
Rc3 29. b5 Qc4 30. bxa6 Rc8 31. a7 Qa6 32. Nb5 Bb4 33. Bxd5 Nxd5 34. Rxd5 Kg8
35. Nxc3 Bxc3 36. Qc1 1-0

[Event "Chess.com Isle of Man Open - Masters"]
[Site "Douglas (Isle of Man)"]
[Date "2017.09.23"]
[Round "1.52"]
[White "Rapport, Jovana"]
[Black "Khmelniker, Ilya"]
[Result "1/2-1/2"]
[WhiteElo "2327"]
[BlackElo "2480"]
[PlyCount "61"]
[EventDate "2017.09.23"]

1. Nf3 Nf6 2. c4 g6 3. Nc3 Bg7 4. e4 c5 5. d4 cxd4 6. Nxd4 d6 7. Be2 O-O 8. Be3
Nc6 9. Qd2 Ng4 10. Bxg4 Bxg4 11. O-O Rc8 12. b3 Qa5 13. f3 Bd7 14. Nde2 Rfe8
15. Rac1 Ne5 16. Rfd1 Bc6 17. Nd5 Qxd2 18. Rxd2 b6 19. a4 Nd7 20. Ra2 Nc5 21.
Rb1 f5 22. exf5 gxf5 23. Ndc3 Bd7 24. a5 f4 25. Bd4 Bf5 26. Rbb2 Nd7 27. Rd2
Nc5 28. Nc1 Nd3 29. N1e2 Nc5 30. Nc1 Nd3 31. N1e2 1/2-1/2

[Event "Chess.com Isle of Man Open - Masters"]
[Site "Douglas (Isle of Man)"]
[Date "2017.09.23"]
[Round "1.53"]
[White "Hambleton, Aman"]
[Black "Fenil, Shah"]
[Result "1/2-1/2"]
[WhiteElo "2478"]
[BlackElo "2362"]
[PlyCount "76"]
[EventDate "2017.09.23"]

1. Nf3 d5 2. g3 c6 3. Bg2 Bg4 4. O-O Nd7 5. h3 Bh5 6. d3 Ngf6 7. Qe1 e5 8. e4
dxe4 9. dxe4 Be7 10. Nh4 O-O 11. Nf5 Bc5 12. Nd2 Bg6 13. Nb3 Bb6 14. a4 a5 15.
Bd2 Bxf5 16. exf5 Re8 17. Rd1 Qc7 18. Qe2 h6 19. Qc4 e4 20. Bf4 Ne5 21. Qe2 Qc8
22. g4 Nd5 23. Bg3 Nd7 24. Kh2 Bc7 25. Nd4 Nf4 26. Qe3 Nd5 27. Qb3 Nc5 28. Qc4
Nd7 29. Ne2 N7f6 30. Rde1 h5 31. g5 h4 32. gxf6 hxg3+ 33. Nxg3 Nxf6 34. Bxe4
Nxe4 35. Rxe4 Qxf5 36. Kg2 Bxg3 37. Rxe8+ Rxe8 38. fxg3 Qe4+ 1/2-1/2

[Event "Chess.com Isle of Man Open - Masters"]
[Site "Douglas (Isle of Man)"]
[Date "2017.09.23"]
[Round "1.54"]
[White "Tarjan, James"]
[Black "Salomon, Johan"]
[Result "1/2-1/2"]
[WhiteElo "2412"]
[BlackElo "2476"]
[PlyCount "146"]
[EventDate "2017.09.23"]

1. c4 e5 2. g3 c6 3. d4 e4 4. Bg2 d5 5. cxd5 cxd5 6. Nh3 Bb4+ 7. Bd2 Bxd2+ 8.
Qxd2 Nf6 9. Nc3 O-O 10. O-O Re8 11. f3 e3 12. Qc2 Nc6 13. Rad1 Qd6 14. f4 Bg4
15. Ng5 Rad8 16. h3 Bc8 17. Kh2 g6 18. Nf3 Bf5 19. Qa4 Ne4 20. Ne5 Nxc3 21.
bxc3 Ne7 22. c4 dxc4 23. Nxc4 Qd7 24. Qxd7 Bxd7 25. Nxe3 Bb5 26. Rfe1 Nc6 27.
Nd5 Rxe2 28. Rxe2 Bxe2 29. Rd2 Bc4 30. Ne3 Bb5 31. d5 Na5 32. Kg1 Nc4 33. Nxc4
Bxc4 34. Kf2 Kf8 35. d6 Ba6 36. Ke3 f5 37. Rd5 Bc4 38. Rd2 Ba6 39. g4 Ke8 40.
g5 Kd7 41. Bd5 Re8+ 42. Kf2 Rc8 43. h4 b6 44. Rd4 Bb5 45. Bf7 Rf8 46. Bb3 a5
47. Kg3 Bc6 48. h5 b5 49. hxg6 hxg6 50. a3 Be4 51. Kf2 Rh8 52. Ke1 Rh7 53. Kd2
Rh2+ 54. Kc3 Rh3+ 55. Kb2 Rh2+ 56. Kc3 Rf2 57. Be6+ Kd8 58. Rd1 Rxf4 59. Rd2
Rh4 60. Kd4 Bc6+ 61. Kc5 Bd7 62. Bf7 f4 63. Bxg6 Rg4 64. Be4 Rxg5+ 65. Kd4 Rg3
66. Rf2 Rg4 67. Ke5 Rh4 68. Rg2 Rh5+ 69. Kd4 Rh8 70. Rf2 Rh6 71. Ke5 Re6+ 72.
Kd5 Rf6 73. Ke5 Re6+ 1/2-1/2

[Event "Chess.com Isle of Man Open - Masters"]
[Site "Douglas (Isle of Man)"]
[Date "2017.09.23"]
[Round "1.55"]
[White "Batsiashvili, Nino"]
[Black "Arakhamia-Grant, Ketevan"]
[Result "1-0"]
[WhiteElo "2472"]
[BlackElo "2369"]
[PlyCount "105"]
[EventDate "2017.09.23"]

1. d4 Nf6 2. c4 g6 3. Nc3 Bg7 4. Nf3 O-O 5. g3 c6 6. Bg2 d5 7. Qb3 e6 8. O-O
Nbd7 9. Rd1 Qe7 10. Bf4 Nh5 11. Bg5 f6 12. Bd2 f5 13. cxd5 exd5 14. Nxd5 cxd5
15. Bb4 Qxe2 16. Qxd5+ Kh8 17. Re1 Qxb2 18. Rab1 Nhf6 19. Qe6 Qc2 20. Rbc1 Qb2
21. Bxf8 Bxf8 22. Ng5 Qxd4 23. Rcd1 Qc3 24. Qf7 h6 25. Re8 hxg5 26. Rxf8+ Nxf8
27. Qxf8+ Ng8 28. Rd8 Qg7 29. Qc5 b6 30. Qc1 Bb7 31. Rxa8 Bxg2 32. Rc8 Be4 33.
Qxg5 Qa1+ 34. Rc1 Qd4 35. Qxg6 Qd7 36. h4 Bb7 37. Qh5+ Kg7 38. Qg5+ Kh7 39. h5
Ne7 40. Re1 Be4 41. g4 Ng8 42. Qg6+ Kh8 43. h6 b5 44. g5 a5 45. Qh5 b4 46. Rd1
Qe7 47. g6 a4 48. h7 Nf6 49. Qh6 Nd5 50. Rd4 Bf3 51. Kh2 b3 52. Rxa4 Qd6+ 53.
Kg1 1-0

[Event "Chess.com Isle of Man Open - Masters"]
[Site "Douglas (Isle of Man)"]
[Date "2017.09.23"]
[Round "1.56"]
[White "Sundararajan, Kidambi"]
[Black "Zumsande, Martin"]
[Result "1/2-1/2"]
[WhiteElo "2426"]
[BlackElo "2471"]
[PlyCount "99"]
[EventDate "2017.09.23"]

1. c4 e6 2. g3 d5 3. Nf3 Nf6 4. Bg2 Be7 5. O-O O-O 6. b3 b6 7. Bb2 Bb7 8. e3
dxc4 9. bxc4 c5 10. Nc3 Nc6 11. Qe2 Qc7 12. Nb5 Qc8 13. Rac1 a6 14. Nc3 Rd8 15.
Rfd1 Qc7 16. d4 cxd4 17. exd4 Na5 18. Nb1 Rac8 19. Nbd2 b5 20. cxb5 Qb6 21. a4
Bb4 22. Nc4 Nxc4 23. Rxc4 Rxc4 24. Qxc4 Nd5 25. Rc1 axb5 26. Qxb5 Qxb5 27. axb5
f6 28. Ne1 Rc8 29. Nd3 Rxc1+ 30. Bxc1 Ba5 31. Ba3 Kf7 32. Nc5 Bc8 33. Ne4 Bd7
34. Nd6+ Kg8 35. Nb7 Bb6 36. Bc5 Bxc5 37. Nxc5 Bxb5 38. Nxe6 Nc3 39. Bf1 Kf7
40. Nc5 Ke7 41. f3 f5 42. Kf2 Bxf1 43. Kxf1 Nb5 44. Nb3 Kd6 45. Ke2 Kd5 46. Kd3
g5 47. Ke3 Kc4 48. Na5+ Kd5 49. Nb3 Kc4 50. Na5+ 1/2-1/2

[Event "Chess.com Isle of Man Open - Masters"]
[Site "Douglas (Isle of Man)"]
[Date "2017.09.23"]
[Round "1.57"]
[White "Basso, Pier Luigi"]
[Black "Kiewra, Keaton"]
[Result "1/2-1/2"]
[WhiteElo "2460"]
[BlackElo "2433"]
[PlyCount "83"]
[EventDate "2017.09.23"]

1. d4 Nf6 2. c4 g6 3. Nc3 d5 4. Bf4 Bg7 5. e3 O-O 6. Rc1 Be6 7. Nf3 dxc4 8. Ng5
Bd5 9. e4 h6 10. exd5 hxg5 11. Bxg5 Nxd5 12. Bxc4 Nb6 13. Bb3 Nc6 14. d5 Nd4
15. O-O Qd7 16. h4 Rfe8 17. a3 Nxb3 18. Qxb3 Bxc3 19. Rxc3 Qxd5 20. Qc2 c6 21.
Rg3 Qf5 22. Qxf5 gxf5 23. Bxe7+ Kh7 24. Bg5 Nd5 25. Rb3 b6 26. Rc1 Rac8 27. Kf1
Kg6 28. Rd3 f4 29. g3 f6 30. Bxf4 Nxf4 31. gxf4 Re4 32. h5+ Kxh5 33. Rg3 Rxf4
34. Rd1 Rg4 35. Rf3 Kg5 36. Rd7 Rf4 37. Rxf4 Kxf4 38. Rxa7 Rd8 39. Re7 Rd2 40.
Re6 f5 41. Rxc6 Rxb2 42. Rc3 1/2-1/2